00317nam a2200121Ia 4500008004100000100002700041245004300068260003000111300000900141650002100150942000700171999001700178190216s9999||||xx |||||||||||||| ||und|| aVelayudhan Panikkaseri 0aSancharikalum Chrithrakaranmarum Vol 1 bNational Book Stallc1984 a245p aHistory Of India cBK c19399d19399